000 00520ntaaa2200205 4500
003 01
005 20251027202117.0
008 0714s1973 ag 01
040 _aAR-BaBN
_bspa
_cAR-BaBN
_eaacr
_dRIC
082 _a253.0000 C27h
100 _aCastro, Emilio
_9290
245 _aHacia una pastoral latinoamericana
250 _a1 ed.
260 _aSan José :
_bIndef,
_c1974
300 _a156 p
500 _aCátedra Strachan 1971
650 _aobra pastoral
650 _aAmerica Latina-iglesia
_96590
942 _cBK
999 _c15966
_d15966